Virus y cáncer (Record no. 142080)

MARC details
000 -LEADER
campo de control de longitud fija 00824nam a2200205 i 4500
001 - NÚMERO DE CONTROL
campo de control 142080
003 - IDENTIFICADOR DE NÚMERO DE CONTROL
campo de control ES-MaACL
005 - FECHA Y HORA DE LA ÚLTIMA TRANSACCIÓN
campo de control 20251012202121.0
007 - CAMPO FIJO DE DESCRIPCIÓN FÍSICA--INFORMACIÓN GENERAL
campo de control de longitud fija t|
008 - DATOS DE LONGITUD FIJA--INFORMACIÓN GENERAL
campo de control de longitud fija 071002s1971 sp a |||| | spa d
110 2# - ENTRADA PRINCIPAL--NOMBRE DE ENTIDAD CORPORATIVA
Nombre de entidad corporativa o nombre de jurisdicción como elemento de entrada Sociedad Española de Bioquímica.
Unidad subordinada Congreso Nacional
Número del congreso/reunión o número de parte o sección (5º.
Fecha del congreso o de la firma del tratado 1971.
Sede del congreso/Lugar de la reunión Barcelona)
9 (RLIN) 170940
245 10 - MENCIÓN DEL TÍTULO
Título Virus y cáncer
Resto del título : homenaje a F. Durán-Reynals : V Congreso Nacional de la Sociedad Española de Bioquímica, Barcelona 1971 /
Mención de responsabilidad, etc. editado por W.M. Stanley ... [et al.].
260 ## - PUBLICACIÓN, DISTRIBUCIÓN, ETC.
Lugar de publicación, distribución, etc. [Barcelona :
Nombre del editor, distribuidor, etc. s.n.],
Fecha de publicación, distribución, etc. 1971 (
Fabricante : Imp. Socitra)
300 ## - DESCRIPCIÓN FÍSICA
Extensión XIV, 452 p. :
Otras características físicas il. ;
Dimensiones 25 cm.
600 17 - PUNTO DE ACCESO ADICIONAL DE MATERIA--NOMBRE DE PERSONA
Nombre de persona Duran Reynals, Francesc,
Fechas asociadas al nombre 1899-1958
Fuente del encabezamiento o término
9 (RLIN) 170941
650 #4 - PUNTO DE ACCESO ADICIONAL DE MATERIA--TÉRMINO DE MATERIA
Término de materia o nombre geográfico como elemento de entrada Virus.
9 (RLIN) 147553
650 #4 - PUNTO DE ACCESO ADICIONAL DE MATERIA--TÉRMINO DE MATERIA
Término de materia o nombre geográfico como elemento de entrada Cáncer-
Subdivisión de forma Congresos y asambleas.
9 (RLIN) 166438
852 ## - LOCALIZACIÓN
Ubicación ES-MaACL
Número de control de estantería C-43118
Holdings
Estatus retirado Estado de pérdida Estado de daño No para préstamo Biblioteca de origen Biblioteca actual Ubicación en estantería Fecha de adquisición Fuente de adquisición Total de préstamos Signatura topográfica completa Código de barras Visto por última vez Precio de reemplazo Tipo de ítem Koha
        Biblioteca del Ateneo de Madrid Biblioteca del Ateneo de Madrid Depósito 2 17/01/2008     C-43118 1147834 23/02/2023 23/02/2023 Libro impreso